| 000 | 00346nam a2200145Ia 4500 | ||
|---|---|---|---|
| 008 | 230917s9999||||xx |||||||||||||| ||und|| | ||
| 040 |
_e39397 _aMAIN |
||
| 041 | _aEnglish | ||
| 082 | _a821.6 S44C:S | ||
| 100 | _aShelley's | ||
| 245 | 0 | _aShelley's poetic thoughts | |
| 260 |
_aLondon _bMacmillan _c1981 |
||
| 300 | _axii, 263 p. | ||
| 942 | _cBK | ||
| 999 |
_c219306 _d219306 |
||